[Event "Unterfranken-ch HB 62th"]
[Site "Gerolhofen"]
[Date "2011.04.26"]
[Round "2"]
[White "Engelbrecht, Klaus"]
[Black "Braun, Marcel"]
[Result "0-1"]
[WhiteElo "1252"]
[BlackElo "836"]
[PlyCount "124"]
[EventDate "2011.04.25"]
[EventType "swiss"]
[EventRounds "9"]
[EventCountry "GER"]
[SourceTitle "EXT 2015"]
[Source "ChessBase"]
[SourceDate "2014.11.20"]
[SourceVersion "1"]
[SourceVersionDate "2014.11.20"]
[SourceQuality "1"]

1. e4 e5 2. Nf3 Nc6 3. c3 Nf6 4. d3 d5 5. exd5 Qxd5 6. c4 Qd6 7. g3 e4 8. Bf4
Qd8 9. Ne5 Nxe5 10. Bxe5 Bf5 11. Bxf6 Qxf6 12. Nc3 Qd4 13. Nd5 O-O-O 14. g4
Rxd5 15. Be2 Bb4+ 16. Kf1 Bc5 17. Qe1 Re5 18. Rd1 exd3 19. gxf5 dxe2+ 20. Qxe2
Rxe2 21. Rxd4 Bxd4 22. Kxe2 Re8+ 23. Kd3 Bxb2 24. Rg1 Rd8+ 25. Kc2 Be5 26. h3
g6 27. Re1 Bf6 28. Rg1 g5 29. Rg4 h5 30. Rg2 Rd4 31. Kb3 Rf4 32. a4 Rxf5 33. h4
Bd4 34. hxg5 Rxg5 35. Rh2 Kd7 36. Kb4 Be5 37. Rh4 Bd6+ 38. Kb3 a6 39. Rd4 Kc6
40. f4 Rg4 41. Rd5 Bxf4 42. Rxh5 Rg3+ 43. Kb2 Rg5 44. Rh8 b5 45. Rf8 f5 46.
Rf6+ Bd6 47. Kb3 f4 48. axb5+ axb5 49. Re6 bxc4+ 50. Kxc4 f3 51. Rf6 Rg3 52.
Kd3 Kd5 53. Ke3 Be5 54. Rxf3 Rxf3+ 55. Kxf3 c5 56. Ke3 c4 57. Kd2 c3+ 58. Kd3
Kc5 59. Kc2 Kb4 60. Kb1 Kb3 61. Kc1 c2 62. Kd2 Kb2 0-1

[Event "5. Kadetski festival SS Srbije - M12"]
[Site "Kragujevac"]
[Date "2011.04.25"]
[Round "3.2"]
[White "Radovic, Janko"]
[Black "Arsic, Djordje"]
[Result "1-0"]
[WhiteElo "1959"]
[BlackElo "1854"]
[PlyCount "87"]
[EventDate "2011.04.24"]
[EventRounds "9"]
[EventCountry "YUG"]
[SourceTitle "OM OTB B 201907"]
[Source "Opening Master"]
[SourceDate "2019.07.06"]
[SourceVersion "2"]
[SourceVersionDate "2019.07.06"]
[SourceQuality "1"]

1. e4 e5 2. Nf3 Nc6 3. c3 Nf6 4. d4 Nxe4 5. d5 Ne7 6. Nxe5 Ng6 7. Nxg6 hxg6 8.
Qe2 Qe7 9. Bf4 d6 10. Na3 Nf6 11. O-O-O Qxe2 12. Bxe2 Bf5 13. Bb5+ Kd8 14. f3
a6 15. Be2 Be7 16. g4 Bc8 17. c4 b6 18. Rhe1 Bb7 19. Bd3 g5 20. Bg3 Nd7 21. Nb1
Bf6 22. Nd2 Ne5 23. Ne4 Nxf3 24. Rf1 Ne5 25. Nxf6 gxf6 26. Bxe5 fxe5 27. Rxf7
Rxh2 28. Bf5 b5 29. Rd7+ Ke8 30. Rxc7 Rb8 31. c5 dxc5 32. d6 Rh8 33. d7+ Kd8
34. Rc8+ Ke7 35. d8=Q+ Rxd8 36. Rdxd8 Bxc8 37. Rxc8 Rxc8 38. Bxc8 a5 39. Ba6 b4
40. b3 Kd6 41. Kd2 Kd5 42. Ke3 e4 43. Bc4+ Ke5 44. Bg8 1-0

[Event "Unterfranken-ch HB 62th"]
[Site "Gerolhofen"]
[Date "2011.04.25"]
[Round "1"]
[White "Ress, Lothar"]
[Black "Birken, Denis"]
[Result "1-0"]
[WhiteElo "1565"]
[BlackElo "1072"]
[PlyCount "73"]
[EventDate "2011.04.25"]
[EventType "swiss"]
[EventRounds "9"]
[EventCountry "GER"]
[SourceTitle "EXT 2015"]
[Source "ChessBase"]
[SourceDate "2014.11.20"]
[SourceVersion "1"]
[SourceVersionDate "2014.11.20"]
[SourceQuality "1"]

1. e4 e5 2. Nf3 Nc6 3. c3 Bc5 4. Bb5 d6 5. Bxc6+ bxc6 6. h3 Nf6 7. d3 h6 8. O-O
Qe7 9. Re1 O-O 10. Nbd2 Ba6 11. Nb3 Bb6 12. a4 d5 13. exd5 cxd5 14. Nxe5 c5 15.
Ng6 Qxe1+ 16. Qxe1 fxg6 17. Qe6+ Kh7 18. d4 Bc4 19. Nxc5 Bc7 20. Be3 Rab8 21.
b4 Ne4 22. Nxe4 Rfe8 23. Nf6+ gxf6 24. Qf7+ Kh8 25. Qxc7 a6 26. Qf7 Rf8 27.
Qxg6 Rb7 28. Bxh6 Rff7 29. Re1 Rbe7 30. Rxe7 Rxe7 31. Qxf6+ Kh7 32. Qxe7+ Kxh6
33. f4 Bd3 34. Qg5+ Kh7 35. f5 Bxf5 36. Qxf5+ Kh6 37. Qxd5 1-0

[Event "OP-2011-0-01498"]
[Site "Lechenicher SchachServer"]
[Date "2011.04.23"]
[Round "?"]
[White "Hall, Jeffrey"]
[Black "Van De Peer, Tom"]
[Result "1/2-1/2"]
[WhiteElo "1117"]
[BlackElo "1396"]
[PlyCount "77"]
[EventDate "2011.04.19"]

1. e4 e5 2. Nf3 Nc6 3. c3 d5 4. Qa4 Bd7 5. exd5 Nd4 6. Qd1 Nxf3+ 7. Qxf3 Bd6 8.
Bc4 Nf6 9. d3 b5 10. Bb3 Bg4 11. Qe3 O-O 12. O-O Re8 13. Nd2 a5 14. Ne4 a4 15.
Nxf6+ Qxf6 16. Bd1 Bxd1 17. Rxd1 Rad8 18. b3 b4 19. c4 Qe7 20. Re1 Bc5 21. Qe2
f6 22. Be3 Ra8 23. Rab1 Qd6 24. Qd2 Bxe3 25. Rxe3 Qb6 26. Re4 axb3 27. axb3 h6
28. h3 f5 29. Re2 Qd4 30. Rbe1 Rad8 31. Qe3 Qc3 32. Qc5 Qxb3 33. Rxe5 Rxe5 34.
Rxe5 Qc3 35. Re7 b3 36. Qxc7 b2 37. Rxg7+ Qxg7 38. Qxd8+ Kh7 39. Qb6 1/2-1/2

[Event "RUS-chT (Women) 12th"]
[Site "Olginka"]
[Date "2011.04.22"]
[Round "6"]
[White "Bezgodova, Svetlana"]
[Black "Zaiatz, Elena"]
[Result "0-1"]
[WhiteElo "2147"]
[BlackElo "2426"]
[PlyCount "96"]
[EventDate "2011.04.16"]
[EventType "team-tourn"]
[EventRounds "7"]
[EventCountry "RUS"]
[SourceTitle "CBM 141 Extra"]
[Source "ChessBase"]
[SourceDate "2011.05.03"]
[SourceVersion "1"]
[SourceVersionDate "2011.05.03"]
[SourceQuality "1"]
[WhiteTeam "Ugra (W)"]
[BlackTeam "Giprorechtrans (W)"]
[WhiteTeamCountry "RUS"]
[BlackTeamCountry "RUS"]

1. e4 e5 2. Nf3 Nc6 3. c3 d5 4. d3 Nge7 5. Be2 g6 6. O-O Bg7 7. b4 a6 8. Bb2 d4
9. cxd4 exd4 10. a3 O-O 11. Nbd2 h6 12. Nb3 f5 13. exf5 Bxf5 14. Nc5 b6 15. Ne4
Qd5 16. Nfd2 Rad8 17. Rc1 Bc8 18. Rc4 Bb7 19. Qb3 Kh8 20. a4 b5 21. axb5 axb5
22. Rc5 Qxb3 23. Nxb3 Nd5 24. Rfc1 Ncxb4 25. Bf1 Na2 26. Ra1 Nac3 27. Ra7 Ba8
28. Bc1 c6 29. g3 Rfe8 30. h4 Nxe4 31. dxe4 Nc3 32. h5 Nxe4 33. hxg6 Nxc5 34.
Nxc5 Kg8 35. Bf4 Bf8 36. Nd7 Re7 37. Bh3 Bg7 38. Bd6 Re1+ 39. Kh2 c5 40. g4 d3
41. Bf4 Bc6 42. g5 Rh1+ 43. Kg3 Rxh3+ 44. Kxh3 Rxd7 45. Ra6 hxg5 46. Bxg5 Rd6
47. Kh4 c4 48. Rb6 Rxg6 0-1

[Event "San Sebastian op 34th"]
[Site "San Sebastian"]
[Date "2011.04.21"]
[Round "6"]
[White "Starostits, Ilmars"]
[Black "Barria Zuniga, Daniel"]
[Result "1/2-1/2"]
[WhiteElo "2486"]
[BlackElo "2438"]
[PlyCount "26"]
[EventDate "2011.04.16"]
[EventType "swiss"]
[EventRounds "9"]
[EventCountry "ESP"]
[SourceTitle "CBM 141 Extra"]
[Source "ChessBase"]
[SourceDate "2011.05.03"]
[SourceVersion "1"]
[SourceVersionDate "2011.05.03"]
[SourceQuality "1"]

1. e4 e5 2. Nf3 Nc6 3. c3 Nf6 4. d4 Nxe4 5. d5 Ne7 6. Nxe5 Ng6 7. Nxg6 hxg6 8.
Bc4 Bc5 9. O-O O-O 10. Nd2 Re8 11. Nb3 Be7 12. Nd4 c5 13. dxc6 bxc6 1/2-1/2

[Event "FRA-ch U12 Girls"]
[Site "Montlucon"]
[Date "2011.04.20"]
[Round "5"]
[White "Afraoui, Anaelle"]
[Black "Guerin, Juliette"]
[Result "1-0"]
[WhiteElo "1503"]
[BlackElo "1530"]
[PlyCount "63"]
[EventDate "2011.04.17"]
[EventType "swiss"]
[EventRounds "9"]
[EventCountry "FRA"]
[SourceTitle "CBM 142 Extra"]
[Source "ChessBase"]
[SourceDate "2011.06.27"]
[SourceVersion "1"]
[SourceVersionDate "2011.06.27"]
[SourceQuality "1"]

1. e4 e5 2. Nf3 Nc6 3. c3 Nf6 4. d4 exd4 5. e5 Nd5 6. cxd4 Be7 7. Be2 O-O 8.
O-O d6 9. Bd2 Bg4 10. Nc3 Nb6 11. Bf4 a6 12. Re1 Re8 13. a3 Qd7 14. h3 Bh5 15.
Qd2 Rad8 16. Rad1 Bxf3 17. Bxf3 dxe5 18. dxe5 Qxd2 19. Rxd2 Rxd2 20. Bxd2 Nc4
21. Bf4 Nxb2 22. Nd5 Nd4 23. Nxe7+ Rxe7 24. Rb1 Nxf3+ 25. gxf3 Nd3 26. Rxb7 h6
27. Bg3 Nc5 28. Ra7 Kf8 29. f4 Ke8 30. Bh4 Rd7 31. Ra8+ Rd8 32. Rxd8# 1-0

[Event "FRA-ch U12 Girls"]
[Site "Montlucon"]
[Date "2011.04.18"]
[Round "3"]
[White "Afraoui, Anaelle"]
[Black "Brin Vervat, Emma"]
[Result "1-0"]
[WhiteElo "1503"]
[BlackElo "1200"]
[PlyCount "149"]
[EventDate "2011.04.17"]
[EventType "swiss"]
[EventRounds "9"]
[EventCountry "FRA"]
[SourceTitle "CBM 142 Extra"]
[Source "ChessBase"]
[SourceDate "2011.06.27"]
[SourceVersion "1"]
[SourceVersionDate "2011.06.27"]
[SourceQuality "1"]

1. e4 e5 2. Nf3 Nc6 3. c3 Nf6 4. d4 d6 5. d5 Ne7 6. Bd3 c6 7. c4 b5 8. b3 Qb6
9. O-O Ng6 10. dxc6 Ba6 11. Qe2 Rb8 12. Na3 b4 13. Nb5 Qxc6 14. Nxa7 Qc5 15.
Be3 Nf4 16. Bxc5 Nxe2+ 17. Bxe2 dxc5 18. Nxe5 Nxe4 19. Bf3 Nd2 20. Bc6+ Ke7 21.
Rad1 Nxf1 22. Kxf1 Ke6 23. Bd5+ Kxe5 24. Nc6+ Kf6 25. Nxb8 Bc8 26. Rd3 Bd6 27.
Rf3+ Kg6 28. Bxf7+ Kh6 29. Nc6 Bxh2 30. g3 Bh3+ 31. Ke1 Bg2 32. Rf4 g5 33. Rf5
Bxc6 34. Rf6+ Kg7 35. Rxc6 Kxf7 36. Rxc5 h5 37. Rxg5 h4 38. gxh4 Rxh4 39. f3
Kf6 40. Rg4 Rh3 41. Ke2 Bd6 42. Kf2 Rh2+ 43. Rg2 Rh8 44. Ke3 Kf5 45. Kd4 Rd8
46. c5 Bc7+ 47. Kc4 Rb8 48. Rg4 Be5 49. Re4 Rc8 50. Kxb4 Rb8+ 51. Ka4 Bc3 52.
b4 Bf6 53. c6 Be5 54. b5 Ra8+ 55. Kb3 Ke6 56. f4 Kd5 57. Rxe5+ Kd6 58. a4 Rf8
59. Re4 Kd5 60. Rc4 Kd6 61. Kb4 Kc7 62. a5 Rf6 63. b6+ Kd8 64. Kb5 Rf5+ 65. Ka6
Kc8 66. b7+ Kc7 67. Re4 Rc5 68. Re7+ Kd6 69. b8=Q+ Kd5 70. Re5+ Kd4 71. Qd6+
Rd5 72. Qxd5+ Kc3 73. Re3+ Kc2 74. Qg2+ Kc1 75. Re1# 1-0

[Event "Coulsdon Easter"]
[Site "Coulsdon"]
[Date "2011.04.18"]
[Round "2"]
[White "Briscoe, Christopher"]
[Black "Lenier, Jude"]
[Result "0-1"]
[WhiteElo "2226"]
[BlackElo "2023"]
[PlyCount "42"]
[EventDate "2011.04.17"]
[EventType "tourn"]
[EventRounds "9"]
[EventCountry "ENG"]
[EventCategory "1"]
[SourceTitle "CBM 142 Extra"]
[Source "ChessBase"]
[SourceDate "2011.06.27"]
[SourceVersion "1"]
[SourceVersionDate "2011.06.27"]
[SourceQuality "1"]

1. e4 e5 2. Nf3 Nc6 3. c3 Nf6 4. d4 exd4 5. e5 Nd5 6. cxd4 Bb4+ 7. Bd2 Bxd2+ 8.
Nbxd2 d6 9. Bb5 O-O 10. O-O Bg4 11. Bxc6 bxc6 12. Qc2 Qd7 13. Rfe1 Rab8 14. a3
Bf5 15. Ne4 Nf4 16. Nh4 Kh8 17. exd6 cxd6 18. Nf6 gxf6 19. Nxf5 Rg8 20. Re7
Rxb2 21. Qe4 Nh3+ 0-1

[Event "22. turnaj Pobeskydi - CEZ CUP, GM Tour"]
[Site "Frydek Mistek ND Czech Repub"]
[Date "2011.04.18"]
[Round "1.1"]
[White "Szablowski, Pawel"]
[Black "Kriebel, Tadeas"]
[Result "1/2-1/2"]
[WhiteElo "2404"]
[BlackElo "2296"]
[PlyCount "97"]
[EventDate "2011.04.18"]
[EventRounds "9"]
[EventCountry "CZE"]
[SourceTitle "OM OTB B 201907"]
[Source "Opening Master"]
[SourceDate "2019.07.06"]
[SourceVersion "2"]
[SourceVersionDate "2019.07.06"]
[SourceQuality "1"]

1. e4 e5 2. Nf3 Nc6 3. c3 Nf6 4. d4 d6 5. d5 Nb8 6. Bd3 Be7 7. O-O O-O 8. c4
Nbd7 9. Nc3 Nh5 10. Re1 a5 11. a3 Nc5 12. Bc2 g6 13. Bh6 Ng7 14. Be3 Na6 15. b4
f5 16. bxa5 f4 17. Bd2 g5 18. h3 h5 19. Nh2 Qe8 20. f3 Qg6 21. Na4 Ne8 22. Bd3
Nf6 23. Be2 g4 24. fxg4 Qxe4 25. Bc1 hxg4 26. Nxg4 Nxg4 27. Bxg4 Qg6 28. Bxc8
Raxc8 29. Qf3 Rf5 30. Qe4 Bh4 31. Rf1 Rcf8 32. g4 fxg3 33. Rxf5 Qxf5 34. Qxf5
Rxf5 35. Be3 Rf3 36. Re1 Rf2 37. Nc3 Rc2 38. Rc1 Rh2 39. Rb1 Nc5 40. Bxc5 dxc5
41. Rxb7 Bg5 42. Nd1 Rd2 43. a6 Rxd1+ 44. Kg2 Bh4 45. a7 Rd2+ 46. Kg1 Rd1+ 47.
Kg2 Rd2+ 48. Kf3 Rd3+ 49. Ke4 1/2-1/2

[Event "Kecskemet Caissa Rating 04"]
[Site "Kecskemet"]
[Date "2011.04.17"]
[Round "2"]
[White "Zsiros, Laszlo"]
[Black "Donko, Matyas"]
[Result "1/2-1/2"]
[WhiteElo "1958"]
[BlackElo "2042"]
[PlyCount "33"]
[EventDate "2011.04.16"]
[EventType "tourn"]
[EventRounds "10"]
[EventCountry "HUN"]
[SourceTitle "CBM 142 Extra"]
[Source "ChessBase"]
[SourceDate "2011.06.27"]
[SourceVersion "1"]
[SourceVersionDate "2011.06.27"]
[SourceQuality "1"]

1. e4 e5 2. Nf3 Nc6 3. c3 Nf6 4. d4 exd4 5. Bd3 dxc3 6. Nxc3 d6 7. O-O Be7 8.
h3 O-O 9. Bf4 Nh5 10. Bh2 Be6 11. Nd5 Bxd5 12. exd5 Nb8 13. Rc1 Na6 14. Bc4 Nc5
15. b4 Nd7 16. a3 Nb6 17. Bb3 1/2-1/2

[Event "FRA-ch U16 Girls"]
[Site "Montlucon"]
[Date "2011.04.17"]
[Round "1"]
[White "Rigolot, Lucie"]
[Black "Vallat, Julie"]
[Result "1-0"]
[WhiteElo "1957"]
[BlackElo "1562"]
[PlyCount "41"]
[EventDate "2011.04.17"]
[EventType "swiss"]
[EventRounds "9"]
[EventCountry "FRA"]
[SourceTitle "CBM 142 Extra"]
[Source "ChessBase"]
[SourceDate "2011.06.27"]
[SourceVersion "1"]
[SourceVersionDate "2011.06.27"]
[SourceQuality "1"]

1. e4 e5 2. Nf3 Nc6 3. c3 Bc5 4. d4 exd4 5. cxd4 Bb4+ 6. Nc3 d5 7. e5 Nge7 8.
Bd3 Bg4 9. Be3 O-O 10. Bxh7+ Kh8 11. Bc2 Qd7 12. h3 Bh5 13. Qd2 Bg6 14. Bxg6
Nxg6 15. h4 Nge7 16. h5 Nf5 17. h6 Nce7 18. hxg7+ Kxg7 19. Bh6+ Nxh6 20. Qxh6+
Kg8 21. Qh7# 1-0

[Event "BI-2011-P-00031"]
[Site "Lechenicher SchachServer"]
[Date "2011.04.17"]
[Round "?"]
[White "Tobey, Al"]
[Black "Zukan, Jakob"]
[Result "0-1"]
[WhiteElo "625"]
[BlackElo "1294"]
[PlyCount "34"]
[EventDate "2011.04.20"]

1. e4 Nc6 2. Nf3 e5 3. c3 Nf6 4. d3 d5 5. Bg5 dxe4 6. Bxf6 Qxf6 7. dxe4 Bd7 8.
Bd3 O-O-O 9. O-O Bg4 10. Nbd2 Rxd3 11. Qc2 Rd7 12. Rfe1 Be7 13. Kh1 Rhd8 14. h3
Qh6 15. Nh2 Bxh3 16. g3 Rxd2 17. Qc1 Bc5 0-1

[Event "BI-2011-P-00023"]
[Site "Lechenicher SchachServer"]
[Date "2011.04.17"]
[Round "?"]
[White "Cedeno Ochoa, Rodrigo"]
[Black "Pech, Matej"]
[Result "1/2-1/2"]
[WhiteElo "1208"]
[BlackElo "783"]
[PlyCount "53"]
[EventDate "2011.04.20"]

1. e4 e5 2. Nf3 Nc6 3. c3 Nf6 4. d4 Nxe4 5. d5 Ne7 6. Nxe5 Ng6 7. Nxg6 hxg6 8.
Bd3 Nc5 9. O-O Nxd3 10. Qxd3 Be7 11. Re1 O-O 12. Nd2 d6 13. Nf3 Bf5 14. Qb5 Rb8
15. Qc4 b5 16. Qb4 Re8 17. Bd2 Qc8 18. Re3 a5 19. Qf4 Bf6 20. Rxe8+ Qxe8 21.
Re1 Qc8 22. Nd4 Bd7 23. Qf3 Qa6 24. Nc6 Bxc6 25. dxc6 b4 26. b3 Qb5 27. g4
1/2-1/2

[Event "BI-2011-P-00031"]
[Site "Lechenicher SchachServer"]
[Date "2011.04.17"]
[Round "?"]
[White "Tobey, Al"]
[Black "Khachatruan, Gurgen"]
[Result "1-0"]
[WhiteElo "625"]
[BlackElo "1202"]
[PlyCount "35"]
[EventDate "2011.04.20"]

1. e4 e5 2. Nf3 Nc6 3. c3 Nf6 4. d3 d5 5. exd5 Nxd5 6. Be2 Be7 7. O-O O-O 8.
Nfd2 Nf4 9. Bf3 Nxd3 10. Ne4 f5 11. Qb3+ Kh8 12. Ned2 e4 13. Be2 Nce5 14. f4
Nxc1 15. Rxc1 Nd3 16. Bxd3 Qxd3 17. Qc4 Qe3+ 18. Kh1 1-0

[Event "Tournament (Elo)"]
[Site "Tabriz (Iran)"]
[Date "2011.04.16"]
[Round "10"]
[White "Karimi, Manouchehr"]
[Black "Shahraki Nezhad Mohammad Esma"]
[Result "1/2-1/2"]
[WhiteElo "1375"]
[BlackElo "1566"]
[PlyCount "40"]
[EventDate "2011.??.??"]
[EventRounds "11"]
[SourceTitle "OM OTB B 201907"]
[Source "Opening Master"]
[SourceDate "2019.07.06"]
[SourceVersion "2"]
[SourceVersionDate "2019.07.06"]
[SourceQuality "1"]

1. e4 e5 2. Nf3 Nc6 3. c3 Nf6 4. d4 Nxe4 5. d5 Ne7 6. Nxe5 Ng6 7. Qd4 Qe7 8.
Qxe4 Qxe5 9. Qxe5+ Nxe5 10. Bf4 Bd6 11. Nd2 O-O 12. Be2 b6 13. O-O Bb7 14. Bxe5
Bxe5 15. Bf3 Rfe8 16. Rfe1 d6 17. Nc4 Ba6 18. Ne3 g6 19. Ng4 Bg7 20. Rxe8+ Rxe8
1/2-1/2

[Event "FICGS__CHESS__WCH_STAGE_1_GROUP_03__000"]
[Site "FICGS"]
[Date "2011.04.15"]
[Round "1"]
[White "Melquiades, Jay"]
[Black "Gerfault, Pascal"]
[Result "0-1"]
[WhiteElo "996"]
[BlackElo "1545"]
[PlyCount "42"]
[EventDate "2011.??.??"]

1. e4 e5 2. Nf3 Nc6 3. c3 Nf6 4. d4 exd4 5. Bg5 d6 6. cxd4 Be7 7. d5 Ne5 8. Nc3
O-O 9. Nxe5 dxe5 10. h4 h6 11. Bxf6 Bxf6 12. Bc4 Bxh4 13. g3 Bg5 14. a4 a6 15.
b4 Qe7 16. f4 exf4 17. d6 Qxd6 18. Nd5 fxg3 19. Rb1 g2 20. Rg1 Qg3+ 21. Ke2
Bg4# 0-1

[Event "FICGS__CHESS__CLASS_F__000095"]
[Site "FICGS"]
[Date "2011.04.14"]
[Round "1"]
[White "Melquiades, Jay"]
[Black "Zaunercik, Ilmar"]
[Result "0-1"]
[WhiteElo "996"]
[BlackElo "1185"]
[PlyCount "50"]
[EventDate "2011.??.??"]

1. e4 e5 2. Nf3 Nc6 3. c3 Nf6 4. d3 Be7 5. Bg5 h6 6. Bh4 O-O 7. g4 d5 8. g5 Nh5
9. gxh6 Bxh4 10. h7+ Kh8 11. Nbd2 Bg4 12. Bg2 Nf4 13. Rg1 Nxd3+ 14. Kf1 Bxf2
15. h3 Bxg1 16. Kxg1 Bxf3 17. Nxf3 dxe4 18. Nd2 Nxb2 19. Qg4 e3 20. Ne4 Nd3 21.
Ng5 Nf2 22. Kh2 Nxg4+ 23. hxg4 Qxg5 24. Rh1 e2 25. Kh3 Rad8 0-1

[Event "League division B3"]
[Site "http://gameknot.com/chess.pl?"]
[Date "2011.04.12"]
[Round "?"]
[White "Locathah"]
[Black "Ayman"]
[Result "0-1"]
[WhiteElo "2040"]
[BlackElo "2271"]
[PlyCount "80"]
[EventDate "2011.??.??"]
[SourceTitle "OM Portal C 201906"]
[Source "Opening Master"]
[SourceDate "2019.06.27"]
[SourceVersion "1"]
[SourceVersionDate "2019.06.27"]
[SourceQuality "1"]

1. e4 e5 2. Nf3 Nc6 3. c3 Nf6 4. d4 d6 5. Bc4 Nxe4 6. dxe5 Bf5 7. Qb3 Nc5 8.
Bxf7+ Kd7 9. e6+ Kc8 10. Qd5 Be4 11. Qh5 Nd3+ 12. Ke2 g6 13. Qh3 Bf5 14. g4 Be4
15. Rd1 Bxf3+ 16. Qxf3 Nde5 17. Qf4 Bg7 18. Be3 Rf8 19. h3 Nxf7 20. exf7 Qe7
21. Nd2 a5 22. Re1 a4 23. Kf1 Rxf7 24. Qc4 Qd7 25. Kg2 h5 26. g5 Qf5 27. Qe4 a3
28. Rab1 axb2 29. Rxb2 Bxc3 30. Qxf5+ Rxf5 31. Rc2 Ra3 32. Rec1 Bxd2 33. Bxd2
d5 34. h4 Ra4 35. f4 Rf7 36. Rb2 Nd4 37. Re1 Nf5 38. Kf2 Nxh4 39. Re5 d4 40.
Ke2 Nf5 0-1

[Event "CN Juniori - F16"]
[Site "?"]
[Date "2011.04.11"]
[Round "?"]
[White "Oana, Amalia-Ioana"]
[Black "Serbanescu, Diana-Maria"]
[Result "0-1"]
[WhiteElo "1460"]
[BlackElo "1839"]
[PlyCount "54"]
[EventDate "2011.??.??"]
[SourceTitle "OM OTB B 201907"]
[Source "Opening Master"]
[SourceDate "2019.07.06"]
[SourceVersion "2"]
[SourceVersionDate "2019.07.06"]
[SourceQuality "1"]

1. e4 e5 2. Nf3 Nc6 3. c3 Nf6 4. d4 Nxe4 5. Qe2 d5 6. Nxe5 Be7 7. Nxc6 bxc6 8.
g3 a5 9. Bg2 Nd6 10. b3 O-O 11. Nd2 Re8 12. O-O Ba6 13. c4 Bg5 14. Qd1 Qf6 15.
Bb2 Bxd2 16. Qxd2 dxc4 17. Rfc1 Rab8 18. Qc3 Re2 19. f4 a4 20. Bf3 Nb5 21. Bxe2
Nxc3 22. Bxc3 cxb3 23. Bxa6 b2 24. Bxb2 Rxb2 25. Rc4 Qh6 26. h4 Qg6 27. Rc3 Qe4
0-1

[Event "HUN-chT2 Maroczy 1011"]
[Site "Hungary"]
[Date "2011.04.10"]
[Round "8"]
[White "Fusthy, Zsolt"]
[Black "Racz, Zoltan"]
[Result "1/2-1/2"]
[WhiteElo "2322"]
[BlackElo "2303"]
[PlyCount "68"]
[EventDate "2010.09.12"]
[EventType "team-tourn"]
[EventRounds "11"]
[EventCountry "HUN"]
[SourceTitle "EXT 2012"]
[Source "ChessBase"]
[SourceDate "2011.11.24"]
[SourceVersion "1"]
[SourceVersionDate "2011.11.24"]
[SourceQuality "1"]
[WhiteTeam "MLTC II"]
[BlackTeam "Nyiregyhaza"]
[WhiteTeamCountry "HUN"]
[BlackTeamCountry "HUN"]

1. e4 e5 2. Nf3 Nc6 3. c3 d5 4. Qa4 f6 5. Bb5 Nge7 6. exd5 Qxd5 7. d4 exd4 8.
cxd4 Bd7 9. O-O O-O-O 10. Nc3 Qf5 11. Be3 Nd5 12. Nxd5 Qxd5 13. Rac1 Bd6 14.
Rfd1 Kb8 15. Bc4 Qa5 16. Qxa5 Nxa5 17. Be2 Nc6 18. Nd2 Nb4 19. a3 Nd5 20. Nc4
Bb5 21. Bf3 Be7 22. g3 Rhe8 23. Na5 Bf8 24. Re1 Bd3 25. Kg2 Be4 26. Nc4 Bxf3+
27. Kxf3 Re6 28. Bd2 Rde8 29. Rxe6 Rxe6 30. Re1 Rxe1 31. Bxe1 c6 32. Ke4 Kc7
33. g4 Kd7 34. f4 Bd6 1/2-1/2

[Event "CRO-chT3 West"]
[Site "Croatia"]
[Date "2011.04.09"]
[Round "4.36"]
[White "Jerkovic, Maroje"]
[Black "Prpic, Ivan"]
[Result "1-0"]
[WhiteElo "1802"]
[BlackElo "2020"]
[PlyCount "91"]
[EventDate "2011.03.12"]
[EventType "team-tourn"]
[EventRounds "9"]
[EventCountry "CRO"]
[SourceTitle "EXT 2014"]
[Source "ChessBase"]
[SourceDate "2013.11.20"]
[SourceVersion "1"]
[SourceVersionDate "2013.11.20"]
[SourceQuality "1"]

1. e4 e5 2. Nf3 Nc6 3. c3 d6 4. d4 exd4 5. cxd4 Bg4 6. Be3 a6 7. Nc3 Nf6 8. Be2
Be7 9. O-O O-O 10. Qb3 Rb8 11. d5 Bxf3 12. Bxf3 Ne5 13. Be2 c5 14. dxc6 bxc6
15. Qc2 a5 16. h3 c5 17. Rad1 Qb6 18. b3 Nc6 19. f4 Nd4 20. Qd2 Nxe2+ 21. Qxe2
Qc6 22. e5 dxe5 23. fxe5 Nd7 24. Nd5 Qe6 25. Bf4 Rbc8 26. Rfe1 Rfe8 27. Qb5 Bd8
28. Nc3 Rc6 29. Ne4 h6 30. Nd6 Rb6 31. Qd3 Nf8 32. Nxe8 Be7 33. Nc7 Qc6 34. Nd5
Rb7 35. Nxe7+ Rxe7 36. Qd6 Qb7 37. Qxc5 Ne6 38. Qf2 Qb4 39. Bd2 Qb5 40. Bc3 a4
41. bxa4 Qxa4 42. Qb2 Qa6 43. Kh1 Rb7 44. Qe2 Qa3 45. Ba1 Qa4 46. Qe4 1-0

[Event "74th GK tournament"]
[Site "http://gameknot.com/chess.pl?"]
[Date "2011.04.09"]
[Round "?"]
[White "Locathah"]
[Black "Jaburr"]
[Result "0-1"]
[WhiteElo "2014"]
[BlackElo "2170"]
[PlyCount "120"]
[EventDate "2011.??.??"]
[SourceTitle "OM Portal C 201906"]
[Source "Opening Master"]
[SourceDate "2019.06.27"]
[SourceVersion "1"]
[SourceVersionDate "2019.06.27"]
[SourceQuality "1"]

1. e4 e5 2. Nf3 Nc6 3. c3 Nf6 4. d4 Nxe4 5. d5 Ne7 6. Nxe5 Ng6 7. Qf3 Nf6 8.
Nxg6 hxg6 9. Be3 Be7 10. Nd2 d6 11. c4 Ng4 12. h3 Nxe3 13. Qxe3 O-O 14. Be2 Re8
15. Ne4 Bh4 16. Qf3 Bf5 17. Nc3 Qf6 18. O-O Re5 19. b4 Rae8 20. c5 dxc5 21.
bxc5 c6 22. Bc4 cxd5 23. Bxd5 Bc2 24. Qxf6 Bxf6 25. Rac1 Bd3 26. Rfd1 Bg5 27.
Ra1 Bc2 28. Rd4 R5e7 29. Rf1 Rd8 30. Nb5 Bf6 31. Rd2 Ba4 32. Nd6 b6 33. cxb6
axb6 34. Nxf7 Rxd5 35. Rxd5 Kxf7 36. Rb1 Re6 37. Kf1 Bc6 38. Rd2 Be7 39. f3 Bc5
40. Re2 Rd6 41. Ke1 g5 42. Rd2 Bd5 43. Rbb2 Ke7 44. Rdc2 Rd7 45. Re2+ Kf6 46.
Red2 Kf5 47. Re2 Ra7 48. Red2 Bc4 49. Rbc2 Ra4 50. Kd1 Ke6 51. Rb2 Ke7 52. Kc2
Bxa2 53. Rd1 Be6 54. Kc3 Ra3+ 55. Kd2 Bc4 56. Rdb1 Bd3 57. Rc1 Bd6 58. Re1+ Kf7
59. Rd1 b5 60. Ke1 Bg3+ 0-1

[Event "Fast Ladder"]
[Site "http://gameknot.com/chess.pl?"]
[Date "2011.04.07"]
[Round "?"]
[White "Oregonchessguy"]
[Black "Dawnjones"]
[Result "0-1"]
[WhiteElo "2185"]
[BlackElo "2342"]
[PlyCount "84"]
[EventDate "2011.??.??"]
[SourceTitle "OM Portal C 201906"]
[Source "Opening Master"]
[SourceDate "2019.06.27"]
[SourceVersion "1"]
[SourceVersionDate "2019.06.27"]
[SourceQuality "1"]

1. e4 e5 2. Nf3 Nc6 3. c3 Nf6 4. d4 d5 5. Bb5 exd4 6. e5 Ne4 7. Nxd4 Bd7 8.
Bxc6 bxc6 9. O-O Be7 10. f3 Nc5 11. f4 O-O 12. f5 Kh8 13. Nd2 Nd3 14. e6 fxe6
15. fxe6 Be8 16. Rxf8+ Bxf8 17. N2f3 Bg6 18. Nxc6 Qe8 19. Nfd4 Bc5 20. b4 Qxc6
21. bxc5 Qxc5 22. Qb3 Qd6 23. Bd2 c5 24. Qb7 Re8 25. Qd7 Rd8 26. Qxd6 Rxd6 27.
Ne2 Rxe6 28. Nf4 Nxf4 29. Bxf4 Kg8 30. Kf2 Rb6 31. Rd1 Be4 32. Rd2 Kf7 33. Be3
Rb5 34. g3 Ke6 35. h4 Ra5 36. g4 Ke5 37. h5 a6 38. Ke2 Bh1 39. Kf2 Ke4 40. g5
Bf3 41. h6 gxh6 42. gxh6 Bh5 0-1